| 000 | 00485nam a22001817a 4500 | ||
|---|---|---|---|
| 999 |
_c4456 _d4456 |
||
| 003 | OSt | ||
| 005 | 20250221090734.0 | ||
| 008 | 250221b ||||| |||| 00| 0 eng d | ||
| 040 | _cKH8 | ||
| 082 | _a794 BAT | ||
| 130 | _aBattle of Glymmsforge | ||
| 245 | _aBattle of Glymmsforge. | ||
| 260 |
_aUnited Kingdom ; _bGames Workshop Ltd. , _c2018. |
||
| 300 |
_a33 pages : _bcolor illustrations ; _c28 cm. |
||
| 440 | _aWarhammer Age of Sigmar | ||
| 650 | _aGame story | ||
| 942 |
_2ddc _cFIC |
||